Vista normal
Vista MARC
Entrada Topical Term
Número de registros utilizados en: 5
001 - CONTROL NUMBER
- control field: 11355
003 - CONTROL NUMBER IDENTIFIER
- control field: OSt
005 - DATE AND TIME OF LATEST TRANSACTION
- control field: 20201008151051.0
008 - FIXED-LENGTH DATA ELEMENTS
- fixed length control field: 201008|| aca||aabn | a|a d
040 ## - CATALOGING SOURCE
- Original cataloging agency: OSt
- Transcribing agency: OSt
150 ## - HEADING--TOPICAL TERM
- Topical term or geographic name entry element: Control de gestión
670 ## - SOURCE DATA FOUND
- Source citation: Work cat.: (OSt)6029: Ronchi, Luciano, autor 11354, Control económico y financiero por la alta dirección /, 1974.